<?xml version="1.0" encoding="UTF-8"?>
<record
    xmlns:xsi="http://www.w3.org/2001/XMLSchema-instance"
    xsi:schemaLocation="http://www.loc.gov/MARC21/slim http://www.loc.gov/standards/marcxml/schema/MARC21slim.xsd"
    xmlns="http://www.loc.gov/MARC21/slim">

  <leader>03185njm a2200541Ia 4500</leader>
  <controlfield tag="001">24658</controlfield>
  <controlfield tag="003">IT-RoPAU</controlfield>
  <controlfield tag="005">20220918181112.0</controlfield>
  <controlfield tag="008">131025s9999    xx            000 0 und d</controlfield>
  <datafield tag="040" ind1=" " ind2=" ">
    <subfield code="a">IT-RoPAU</subfield>
  </datafield>
  <datafield tag="040" ind1=" " ind2=" ">
    <subfield code="c">IT-RoPAU</subfield>
  </datafield>
  <datafield tag="999" ind1=" " ind2=" ">
    <subfield code="c">99065</subfield>
    <subfield code="d">99065</subfield>
  </datafield>
  <datafield tag="999" ind1=" " ind2=" ">
    <subfield code="b">n.d.</subfield>
  </datafield>
  <datafield tag="100" ind1=" " ind2=" ">
    <subfield code="a">AA.VV.</subfield>
    <subfield code="9">794</subfield>
  </datafield>
  <datafield tag="100" ind1=" " ind2=" ">
    <subfield code="e">Autore musica</subfield>
    <subfield code="9">11394</subfield>
  </datafield>
  <datafield tag="100" ind1=" " ind2=" ">
    <subfield code="g">Codice autore musica SPICS: 12000</subfield>
    <subfield code="9">796</subfield>
  </datafield>
  <datafield tag="245" ind1=" " ind2=" ">
    <subfield code="a">In South America</subfield>
  </datafield>
  <datafield tag="250" ind1=" " ind2=" ">
    <subfield code="a">1a ed.</subfield>
  </datafield>
  <datafield tag="260" ind1=" " ind2=" ">
    <subfield code="a">ITALIA</subfield>
  </datafield>
  <datafield tag="260" ind1=" " ind2=" ">
    <subfield code="b">POLYDOR</subfield>
    <subfield code="c">1974 [1a Ed.:1974]</subfield>
  </datafield>
  <datafield tag="300" ind1=" " ind2=" ">
    <subfield code="a">DISCO</subfield>
  </datafield>
  <datafield tag="300" ind1=" " ind2=" ">
    <subfield code="c">36 minuti (Testo:  pag.)</subfield>
  </datafield>
  <datafield tag="500" ind1=" " ind2=" ">
    <subfield code="a">Musica strumentale. Arrangiamento di brani sudamericani</subfield>
  </datafield>
  <datafield tag="505" ind1=" " ind2=" ">
    <subfield code="a">Tico tico (4:00) - Malaguena (3:00) Tequila (5:00) - Papa Loves Mambo - Oh, Lonesome me - Brazil (3:00) - Perfidia (3:00) - Guantanamera (4:00) - Manha de carnaval (2:00) - Ole! O' cangaceiro (4:00) - The Wedding Samba (5:00) - El combanchero - La pachanga - Happy Brasilia (4:00) - La bamba (2:00) - La paloma (4:00)</subfield>
  </datafield>
  <datafield tag="650" ind1=" " ind2=" ">
    <subfield code="a">ARRANGIAMENTO [DISCHI]</subfield>
    <subfield code="e">Codice MATERIA SPICS: 9950</subfield>
    <subfield code="9">11395</subfield>
  </datafield>
  <datafield tag="700" ind1=" " ind2=" ">
    <subfield code="a">Last James</subfield>
    <subfield code="e">Interprete</subfield>
    <subfield code="g">Codice interprete SPICS: 10976</subfield>
    <subfield code="9">11396</subfield>
  </datafield>
  <datafield tag="700" ind1=" " ind2=" ">
    <subfield code="a">Last James</subfield>
    <subfield code="g">Codice autore SPICS: 10976</subfield>
    <subfield code="e">Autore</subfield>
    <subfield code="9">9404</subfield>
  </datafield>
  <datafield tag="700" ind1=" " ind2=" ">
    <subfield code="a">Abreu Zequinha</subfield>
    <subfield code="g">Codice autore musica SPICS: 14497</subfield>
    <subfield code="e">Autore musica</subfield>
    <subfield code="p">Tico tico</subfield>
    <subfield code="9">11397</subfield>
  </datafield>
  <datafield tag="700" ind1=" " ind2=" ">
    <subfield code="a">Lecuona M.</subfield>
    <subfield code="g">Codice autore musica SPICS: 14010</subfield>
    <subfield code="e">Autore musica</subfield>
    <subfield code="p">Malaguena</subfield>
    <subfield code="9">11398</subfield>
  </datafield>
  <datafield tag="700" ind1=" " ind2=" ">
    <subfield code="a">Rio Chuck</subfield>
    <subfield code="g">Codice autore musica SPICS: 15714</subfield>
    <subfield code="e">Autore musica</subfield>
    <subfield code="p">Tequila</subfield>
    <subfield code="9">11399</subfield>
  </datafield>
  <datafield tag="700" ind1=" " ind2=" ">
    <subfield code="a">Salvet</subfield>
    <subfield code="g">Codice autore SPICS: 15715</subfield>
    <subfield code="e">Autore</subfield>
    <subfield code="p">Tequila</subfield>
    <subfield code="9">11400</subfield>
  </datafield>
  <datafield tag="700" ind1=" " ind2=" ">
    <subfield code="a">Rotter F.</subfield>
    <subfield code="g">Codice autore musica SPICS: 15716</subfield>
    <subfield code="e">Autore musica</subfield>
    <subfield code="p">Papa Loves Mambo</subfield>
    <subfield code="9">11401</subfield>
  </datafield>
  <datafield tag="700" ind1=" " ind2=" ">
    <subfield code="a">Reichner</subfield>
    <subfield code="g">Codice autore SPICS: 22705</subfield>
    <subfield code="e">Autore</subfield>
    <subfield code="p">Papa Loves Mambo</subfield>
    <subfield code="9">11402</subfield>
  </datafield>
  <datafield tag="700" ind1=" " ind2=" ">
    <subfield code="a">Hoffman</subfield>
    <subfield code="g">Codice autore musica SPICS: 27344</subfield>
    <subfield code="e">Autore musica</subfield>
    <subfield code="p">Papa Loves Mambo</subfield>
    <subfield code="9">11403</subfield>
  </datafield>
  <datafield tag="700" ind1=" " ind2=" ">
    <subfield code="a">Don Gibson</subfield>
    <subfield code="g">Codice autore musica SPICS: 15718</subfield>
    <subfield code="e">Autore musica</subfield>
    <subfield code="p">Oh, Lonesome me</subfield>
    <subfield code="9">11404</subfield>
  </datafield>
  <datafield tag="700" ind1=" " ind2=" ">
    <subfield code="a">Siegel R.M.</subfield>
    <subfield code="g">Codice autore musica SPICS: 14420</subfield>
    <subfield code="e">Autore musica</subfield>
    <subfield code="p">Oh, Lonesome me - The Wedding Samba - El combanchero</subfield>
    <subfield code="9">11405</subfield>
  </datafield>
  <datafield tag="700" ind1=" " ind2=" ">
    <subfield code="a">Lacalle J.M.</subfield>
    <subfield code="g">Codice autore musica SPICS: 14498</subfield>
    <subfield code="e">Autore musica</subfield>
    <subfield code="p">Brazil</subfield>
    <subfield code="9">11406</subfield>
  </datafield>
  <datafield tag="700" ind1=" " ind2=" ">
    <subfield code="a">Dominiguez</subfield>
    <subfield code="g">Codice autore musica SPICS: 15719</subfield>
    <subfield code="e">Autore musica</subfield>
    <subfield code="p">Perfidia</subfield>
    <subfield code="9">11407</subfield>
  </datafield>
  <datafield tag="700" ind1=" " ind2=" ">
    <subfield code="a">Anonimo</subfield>
    <subfield code="g">Codice autore musica SPICS: 2620</subfield>
    <subfield code="e">Autore musica</subfield>
    <subfield code="p">Guantanamera - La bamba - La paloma</subfield>
    <subfield code="9">11408</subfield>
  </datafield>
  <datafield tag="700" ind1=" " ind2=" ">
    <subfield code="a">Bonfa</subfield>
    <subfield code="g">Codice autore musica SPICS: 13934</subfield>
    <subfield code="e">Autore musica</subfield>
    <subfield code="p">Manha de carnaval</subfield>
    <subfield code="9">11409</subfield>
  </datafield>
  <datafield tag="700" ind1=" " ind2=" ">
    <subfield code="a">Nascimento Milton</subfield>
    <subfield code="g">Codice autore musica SPICS: 15502</subfield>
    <subfield code="e">Autore musica</subfield>
    <subfield code="p">Ole! O' cangaceiro</subfield>
    <subfield code="9">11410</subfield>
  </datafield>
  <datafield tag="700" ind1=" " ind2=" ">
    <subfield code="a">Ellstein</subfield>
    <subfield code="g">Codice autore musica SPICS: 15720</subfield>
    <subfield code="e">Autore musica</subfield>
    <subfield code="p">The Wedding Samba</subfield>
    <subfield code="9">11411</subfield>
  </datafield>
  <datafield tag="700" ind1=" " ind2=" ">
    <subfield code="a">Leibowitz</subfield>
    <subfield code="g">Codice autore testo/musica SPICS: 27523</subfield>
    <subfield code="e">Autore musica</subfield>
    <subfield code="p">The Wedding Samba</subfield>
    <subfield code="9">11412</subfield>
  </datafield>
  <datafield tag="700" ind1=" " ind2=" ">
    <subfield code="a">Hernandez Rafael</subfield>
    <subfield code="g">Codice autore SPICS: 14367</subfield>
    <subfield code="e">Autore</subfield>
    <subfield code="p">El combanchero</subfield>
    <subfield code="9">11413</subfield>
  </datafield>
  <datafield tag="700" ind1=" " ind2=" ">
    <subfield code="a">Marbot Bernard</subfield>
    <subfield code="g">Codice autore musica SPICS: 25930</subfield>
    <subfield code="e">Autore musica</subfield>
    <subfield code="p">El combanchero</subfield>
    <subfield code="9">11414</subfield>
  </datafield>
  <datafield tag="700" ind1=" " ind2=" ">
    <subfield code="a">Davidson</subfield>
    <subfield code="g">Codice autore musica SPICS: 15721</subfield>
    <subfield code="e">Autore musica</subfield>
    <subfield code="p">La pachanga</subfield>
    <subfield code="9">11415</subfield>
  </datafield>
  <datafield tag="700" ind1=" " ind2=" ">
    <subfield code="a">Bartels</subfield>
    <subfield code="g">Codice autore SPICS: 15722</subfield>
    <subfield code="e">Autore</subfield>
    <subfield code="p">La pachanga</subfield>
    <subfield code="9">11416</subfield>
  </datafield>
  <datafield tag="942" ind1=" " ind2=" ">
    <subfield code="c">MD</subfield>
    <subfield code="2">ddc</subfield>
  </datafield>
  <datafield tag="952" ind1=" " ind2=" ">
    <subfield code="0">0</subfield>
    <subfield code="1">0</subfield>
    <subfield code="4">0</subfield>
    <subfield code="6">24658_000000000000000</subfield>
    <subfield code="7">1</subfield>
    <subfield code="a">SPICS</subfield>
    <subfield code="b">SPICS</subfield>
    <subfield code="d">2013-10-25</subfield>
    <subfield code="l">0</subfield>
    <subfield code="o">24658</subfield>
    <subfield code="r">2013-10-25 00:00:00</subfield>
    <subfield code="w">2013-10-25</subfield>
    <subfield code="y">MD</subfield>
    <subfield code="z">Progr. Ins.: 5353 / N.Vol.: 1 / Copie: 1 - Copia rara: n.d. / date import: 01.01.2014 - By Epidotti, Trombetti, Vaglietti</subfield>
  </datafield>
</record>
